000 00365nam a22001457a 4500
008 210322b ||||| |||| 00| 0 eng d
020 _a9780205371358
041 _aeng
080 _a159.9
082 _a159.9
100 _a48
101 _aPSI
245 _aGrade aid for Fundamentals Psychology the Brain, the Person, the World
_cHardy, M. S
942 _2udc
_cBK
999 _c56650
_d56650